000 02743cam a22005174i 4500
003 PE-LiUPU
005 20250731173341.0
008 150706s2008 onca rb 000 0 spa d
020 _a9780758907332
035 _a(Sirsi) i9780758907332
040 _aPE-LiUPU
_bspa
_cPE-LiUPU
_erda
049 _aPRUA
082 0 4 _a213
_bH36
_221
100 1 _aHeinze, Thomas F.,
_eautor.
245 1 4 _aLas pruebas de la evolución se esfuman :
_bThomas F. Heinze.
264 1 _aOntario :
_bChick Publilcations,
_c2008.
300 _a109 páginas :
_bilustraciones ;
_c19 centímetros
336 _atext
_2rdacontent
337 _aunmediated
_2rdamedia
338 _avolume
_2rdacarrier
504 _aRewferencias bibliográficas al pie de algunas páginas.
505 0 _aLas polillas moteadas: ¿La mejor prueba de la evolución? -- ¿La mejor prueba? -- ¿Revive el embrión su evolución crear nuevos? -- Los dibujos falsificados -- El aborto -- Anatomía comparada -- ¿Puede la evolución crear órganos nuevos? -- Mutaciones generalmente "descendentes" -- Experimentos con la mosca de la fruta -- Los órganos vestigiales, ¿restos de la evolución? -- La evolución descendente -- El apéndice -- La geología uniformita -- ¿prueban los fósiles que hubo evolución? -- Los eslabones perdidos no aparecen -- Los ojos -- ¿la vida evolución de químicos? -- ¿cómo empezó la vida? -- Estaban disponibles los materiales.
526 _aSEG42
526 _aSEG41
526 _aSEG40
526 _aSEG39
526 _aP94
526 _aP87
526 _aP86
526 _aP85
526 _aP77
526 _aP76
526 _aP35
541 _g001-0000464;
541 _g001-0020922;
650 0 4 _aCreacionismo.
650 0 4 _aEvolución y religión.
910 _agl
_bjv
_cng
_d20090910
942 _2ddc
_cBOOK
949 _a213 H36
_wDEWEY
_c1
_i60658
_d2016-9-22
_e2016-9-21
_lCCODEBUL1
_mBUL
_n5
_p7.00
_r0
_sY
_tBOOK
_u2015-7-6
_xTEOLOGIA
_zUNKNOWN
_0COMPRA
_o.STAFF. Colección General
949 _a213 H36
_wDEWEY
_c2
_i60336
_d2016-9-20
_e2016-9-16
_lCCODEBUL1
_mBUL
_n2
_p11.00
_r0
_sY
_tBOOK
_u2015-7-6
_xTEOLOGIA
_zUNKNOWN
_0COMPRA
_o.STAFF. Colección General
994 _aC0
_bPEPRU
596 _a1
999 _a213 H36
_wDEWEY
_c49769
_i60658
_d49769
_e2018-10-3
_f2021-11-9
_g5
_lCCODEBUL1
_mBUL
_n6
_p7.00
_r0
_sY
_tBOOK
_u2015-7-6
_xTEOLOGIA
_PP35
_0COMPRA
_o.STAFF. Colección Teología
999 _a213 H36
_wDEWEY
_c2
_i60336
_d2019-9-17
_e2019-9-13
_f2021-11-9
_g5
_lCCODEBUL1
_mBUL
_n4
_p11.00
_q2
_r0
_sY
_tBOOK
_u2015-7-6
_xTEOLOGIA
_zUNKNOWN
_0COMPRA
_o.STAFF. Colección Teología
980 _81
_gALBERTO SANCHEZ Responsable de Automatización